000 00460nam a22001811a 4500
001 3046
003 OSt
005 20260204211835.0
008 040614s1981||||dr ||||||b||||||||||spa||
050 _aRD 920 A88q
082 _aRD 920 A88q
100 _aArvelo, Tulio H.
245 _aCayo confite y Luperón: Memorias de un expediccionario / Tulio H. Arvelo
264 _aSanto Domingo : UASD
300 _a295 p.
650 _a1.MemoriasÌ
942 _2ddc
_cBK
999 _c3046
_d3046